[Event "South America-ch U14 13th"]
[Site "Santiago de Chile"]
[Date "2016.12.01"]
[Round "1"]
[White "Vliebergh Granifo, Marcel Andr"]
[Black "Andrade Navarrete, Daniel"]
[Result "0-1"]
[WhiteElo "1212"]
[BlackElo "1647"]
[PlyCount "34"]
[EventDate "2016.12.01"]
[EventType "swiss"]
[EventRounds "9"]
[EventCountry "CHI"]
[SourceTitle "EXT 2018"]
[Source "ChessBase"]
[SourceDate "2017.10.13"]
[SourceVersion "1"]
[SourceVersionDate "2017.10.13"]
[SourceQuality "1"]

1. d4 Nf6 2. c4 e6 3. Nc3 Bb4 4. Qc2 Nc6 5. Nf3 h6 6. Bf4 0-0 7. e3 Nh5 8. Be5 Nxe5 9. Nxe5 d6 10. Nf3 Nf6 11. Bd3 Re8 12. 0-0 e5 13. a3 Bxc3 14. Qxc3 e4 15. Be2 exf3 16. Bxf3 Ne4 17. Qd3 Bf5 0-1